LEADER 01004nlm0 22003251i 450 001 990009815400403321 005 20140128093629.0 010 $a9781118032435$bonline 035 $a000981540 035 $aFED01000981540 035 $a(Aleph)000981540FED01 035 $a000981540 100 $a20140128d2008----km-y0itay0103----ba 101 0 $aeng 135 $adrnn-008mamaa 200 1 $aMathematical logic$bRisorsa elettronica$fGeorge Tourlakis 210 $aHoboken$cWiley-Interscience$d2008 230 $aDocumento elettronico 306 $aPublished Online: 1 MAR 2011 336 $aTesto 337 $aFormato pdf 676 $a511.3 700 1$aTourlakis,$bGeorge$0149747 801 0$aIT$bUNINA$gREICAT$2UNIMARC 856 4 $zFull text per gli utenti Federico II$uhttp://onlinelibrary.wiley.com/book/10.1002/9781118032435 901 $aEB 912 $a990009815400403321 961 $aLogic, symbolic and mathematical$aTextbooks 996 $aMathematical logic$9835399 997 $aUNINA LEADER 01222nam0-2200409-i-450- 001 990009168660403321 005 20100406114640.0 010 $a978-3-642-03310-0$bpaperback 035 $a000916866 035 $aFED01000916866 035 $a(Aleph)000916866FED01 035 $a000916866 100 $a20100406d2010----km-y0itay50------ba 101 0 $aeng 102 $aDE 105 $aa---a---001yy 200 1 $aLarge deviations techniques and applications$fAmir Dembo, Ofer Zeitouni 205 $a2. ed. stampa corretta dell'edizione 1998 210 $aBerlin$cSpringer$d2010 215 $aXVI, 396 p.$d24 cm 225 1 $aApplications of mathematics$v38 610 0 $aDeviazioni larghe 610 0 $aTeoria della probabilità$aPresentazioni di ricerche 610 0 $aConvergenza delle misure di probabilità 676 $a519.5$v21$zita 700 1$aDembo,$bAmir$062347 701 1$aZeitouni,$bOfer$062348 801 0$aIT$bUNINA$gREICAT$2UNIMARC 901 $aBK 912 $a990009168660403321 952 $aC-39-(38-2ED$b24269$fMA1 959 $aMA1 962 $a60F10 962 $a60-02 962 $a60B10 996 $aLarge deviations techniques and applications$983319 997 $aUNINA LEADER 00967nam0-2200337---450- 001 990009444230403321 005 20120620113118.0 035 $a000944423 035 $aFED01000944423 035 $a(Aleph)000944423FED01 035 $a000944423 100 $a20111007d1963----km-y0itay50------ba 101 1 $aita$cfre 102 $aIT 105 $aa-------001yy 200 1 $a<>virus$fPierre Lépine$gpresentazione del prof. A. De Barbieri$gtraduzione della d.ssa G. Valcurone 210 $aMilano$cIstituto sieroterapico milanese S. Belfanti$d1963 215 $aX, 124 p.$cill.$d21 cm 454 0$12001$a<>virus$913483 610 0 $aVirus 676 $a576$v20$zita 700 1$aLépine,$bPierre$0363846 801 0$aIT$bUNINA$gRICA$2UNIMARC 901 $aBK 912 $a990009444230403321 952 $aE IV 17/m$b472$fDMVCM 952 $a43 F 6$bs.i.$fDMVAP 959 $aDMVAP 959 $aDMVCM 996 $aVirus$913483 997 $aUNINA